000 00677cam a22002413a 4500
001 5079
003 PGUSA
005 20140828083113.0
008 040201s2004||||xxu|||||s|||||000 1 eng d
040 _aPGUSA
_beng
042 _adc
050 4 _aPR
100 1 _aCorelli, Marie,
_d1855-1924
245 1 0 _aZiska :
_bThe Problem of a Wicked Soul
_h[electronic resource] /
_cMarie Corelli
260 _bProject Gutenberg,
_c2004
506 _aPublic domain in the USA.
516 _aElectronic text
653 _aEgypt -- Fiction
653 _aReincarnation -- Fiction
830 0 _aProject Gutenberg
_v5079
856 4 0 _uhttp://www.gutenberg.org/ebooks/5079
942 _cEB
999 _c234408
_d234408